Indexing multimedia and creative works (Record no. 103870)

MARC details
000 -LEADER
fixed length control field 00778cam a2200217 4500
001 - CONTROL NUMBER
control field ##L128104
008 - FIXED-LENGTH DATA ELEMENTS--GENERAL INFORMATION
fixed length control field 041124n2004 000 0 eng u
020 ## - INTERNATIONAL STANDARD BOOK NUMBER
International Standard Book Number 0754632547
035 ## - SYSTEM CONTROL NUMBER
System control number (Sirsi) u128104
041 0# - LANGUAGE CODE
Language code of text/sound track or separate title eng
050 ## - LIBRARY OF CONGRESS CALL NUMBER
Classification number 025.3 $2 22
100 1# - MAIN ENTRY--PERSONAL NAME
Personal name Rafferty, Pauline
245 ## - TITLE STATEMENT
Title Indexing multimedia and creative works
Remainder of title the problems of meaning and interpretation
260 ## - PUBLICATION, DISTRIBUTION, ETC.
Place of publication, distribution, etc. Aldershot
Name of publisher, distributor, etc. Ashgate
Date of publication, distribution, etc. 2004
300 ## - PHYSICAL DESCRIPTION
Extent xiv, 208p.
Dimensions 24cm.
350 ## - PRICE (NR) (BK AM CF MU VM SE) [OBSOLETE]
Price 35
520 ## - SUMMARY, ETC.
Summary, etc. Explores the challenges of indexing and information retrieval work for non-verbal media. Primarily intended for third year undergraduate and post graduate information students.
690 ## - LOCAL SUBJECT ADDED ENTRY--TOPICAL TERM (OCLC, RLIN)
Topical term or geographic name as entry element MANAGEMENT-BUSINESS MANAGEMENT-INFORMATION MANAGEMENT
700 1# - ADDED ENTRY--PERSONAL NAME
Personal name Hidderley, Rob
942 ## - ADDED ENTRY ELEMENTS (KOHA)
Suppress in OPAC 0
Holdings
Withdrawn status Lost status Source of classification or shelving scheme Damaged status Not for loan Home library Current library Shelving location Date acquired Cost, normal purchase price Total Checkouts Full call number Barcode Date last seen Date last checked out Copy number Cost, replacement price Price effective from Koha item type
    Dewey Decimal Classification     London London Books 13/12/2005 29.75 1 025.04 RAF 30070682 06/08/2019 23/02/2007 1 29.75 06/08/2019 Book